| 000 | 00333 a2200145 4500 | ||
|---|---|---|---|
| 001 | 115644 | ||
| 041 | _apor | ||
| 090 | _aCHROMEBOOK 199 | ||
| 245 | 1 | 0 | _aChromebook 199 |
| 250 | _a. ed. | ||
| 040 |
_aBR-BrIDEA _cBR-BrIDEA |
||
| 260 |
_bSamsung _c2018 |
||
| 300 |
_a1 chromebook _bModelo: 501C13-AD _cS/N: 68ECC5EB7030 |
||
| 942 | _cDE | ||
| 999 |
_c115644 _d115644 |
||